MANAGEMENT ACCOUNTING: INFORMATION FOR DECISION MAKING AND STRATEGY EXECUTION (Record no. 9209)

MARC details
000 -LEADER
fixed length control field 01459nam a22001697a 4500
003 - CONTROL NUMBER IDENTIFIER
control field SGT
020 ## - INTERNATIONAL STANDARD BOOK NUMBER
International Standard Book Number 9789332520615
082 ## - DEWEY DECIMAL CLASSIFICATION NUMBER
Classification number 658.1511,ATK
100 ## - MAIN ENTRY--PERSONAL NAME
Personal name ATKINSON,ANTHONY A
245 ## - TITLE STATEMENT
Title MANAGEMENT ACCOUNTING: INFORMATION FOR DECISION MAKING AND STRATEGY EXECUTION
250 ## - EDITION STATEMENT
Edition statement 6TH
260 ## - PUBLICATION, DISTRIBUTION, ETC. (IMPRINT)
Place of publication, distribution, etc NEW DELHI
Name of publisher, distributor, etc PEARSON
Year of Publication NEW DELHI
300 ## - PAGE DESCRIPTION
No. of Pages V.P
650 ## - SUBJECT ADDED ENTRY--TOPICAL TERM
Topical term or geographic name as entry element MANAGEMENT ACCOUNTING
653 ## - KEYWORDS--INDEX TERM
Keyword term TABLE OF CONTENT CHAPTER 1. HOW MANAGEMENT ACCOUNTING INFORMATION SUPPORTS DECISION MAKING CHAPTER 2. COST CLASSIFICATION AND USING COST IN DECISION MAKING CHAPTER 3. ACCUMULATING AND ASSIGNING COSTS TO PRODUCTS CHAPTER 4. ACTIVITY-BASED COST SYSTEMS CHAPTER 5. MEASURING AND MANAGING CUSTOMER RELATIONSHIPS CHAPTER 6. MEASURING AND MANAGING PROCESS PERFORMANCE CHAPTER 7. MEASURING AND MANAGING LIFE-CYCLE COSTS CHAPTER 8. BEHAVIORAL AND ORGANIZATIONAL ISSUES IN MANAGEMENT ACCOUNTING AND CONTROL SYSTEMS CHAPTER 9. USING BUDGETS FOR PLANNING AND COORDINATION CHAPTER 10. THE BALANCED SCORECARD AND STRATEGY MAP CHAPTER 11. FINANCIAL CONTROL SALIENT FEATURES • CASES DRAWN FROM HARVARD BUSINESS SCHOOL PUBLICATIONS • NEW CHAPTER ON MEASURING AND MANAGING CUSTOMER RELATIONSHIPS • COMPLETELY REVISED CHAPTER ON THE FUNDAMENTAL COST CONCEPT • COVERAGE OF RECENT INNOVATION IN TARGET COSTING, ENVIRONMENTAL COSTING, STRATEGIC MAPS AND BALANCE SCORE CARDS. • DETAILED DISCUSSION ON COST ACCOUNTING IN THE SOUTH ASIAN CONTEXT
942 ## - ADDED ENTRY ELEMENTS (KOHA)
Source of classification or shelving scheme Dewey Decimal Classification
Koha item type FCM Books
942 ## - ADDED ENTRY ELEMENTS (KOHA)
-- 2
Holdings
Withdrawn status Lost status Source of classification or shelving scheme Damaged status Not for loan Collection code Home library Current library Shelving location Date acquired Vendor Name Cost, normal purchase price SGTU Bill Number Total Checkouts Full call number Accession No. (Barcode) Date last seen Date last borrowed Bill Date Koha item type
    Dewey Decimal Classification     COMMERCE MANAGEMENT SGT Science & Social Sciences Library SGT Science & Social Sciences Library On Display 23/06/2016 KIRTI PRAKASHAN 599.00 SGTU 2705 11 658.1511,ATK CM813 04/12/2019 20/11/2019 14/08/2015 FCM Books
    Dewey Decimal Classification     COMMERCE MANAGEMENT SGT Science & Social Sciences Library SGT Science & Social Sciences Library On Display 23/06/2016 KIRTI PRAKASHAN 599.00 SGTU 2705 15 658.1511,ATK CM814 01/04/2026 11/03/2026 14/08/2015 FCM Books
    Dewey Decimal Classification     COMMERCE MANAGEMENT SGT Science & Social Sciences Library SGT Science & Social Sciences Library On Display 23/06/2016 KIRTI PRAKASHAN 599.00 SGTU 2705 13 658.1511,ATK CM815 14/10/2021 17/12/2020 14/08/2015 FCM Books